000
00286nam a22001217a 4500
008
250317b |||||||| |||| 00| 0 eng d
020
_a
9780323296134
050
_a
RL95
_b
.A45
100
_a
Alikhan Ali
245
_a
Review of dermatology
260
_a
India
_b
Elsevier
_c
2017
942
_c
BK
999
_c
2397
_d
2397